Historia del cristianismo : el mundo contemporáneo /

Obra en cuatro volúmenes que desarrolla la historia del cristianismo, desde sus orígenes hasta la época contemporánea. Título de cada volumen: V. 1 El mundo antiguo; V. 2 El mundo medieval; V. 3 El mundo moderno; V. 4 El mundo contemporáneo.

Na minha lista:
Detalhes bibliográficos
Autor principal: Carmona Fernández, Francisco J. (coord. e introd.)
Formato: Livro
Idioma:espanhol
Publicado em: Madrid, España : Trotta : Universidad de Granada, 2010, c2010
Assuntos:
Tags: Adicionar Tag
Sem tags, seja o primeiro a adicionar uma tag!

MARC

LEADER 00000nam^a2200000^a^4500
001 000380512
005 20250521000000.0
009 20260310120605.082
020 |a 978-84-9879-061-0 
020 |a 978-84-8164-632-0 
037 |a Acervo ITESO - Biblioteca 
041 |a ESP 
082 |a 209.  |b HIS V. 4 
100 |a Carmona Fernández, Francisco J.  |e (coord. e introd.) 
240 1 1 |a [Historia del cristianismo] 
245 1 0 |a Historia del cristianismo :  |b el mundo contemporáneo /  |c Coord. e introd. de F.J. Carmona Fernández. 
264 4 |a Madrid, España :  |b Trotta :  |b Universidad de Granada,  |c 2010, c2010 
300 |a 902 p. 
336 |a texto  |b txt  |2 rdacontenido 
337 |a sin mediación  |b n  |2 rdamedio 
338 |a volumen  |b nc  |2 rdasoporte 
520 |a Obra en cuatro volúmenes que desarrolla la historia del cristianismo, desde sus orígenes hasta la época contemporánea. Título de cada volumen: V. 1 El mundo antiguo; V. 2 El mundo medieval; V. 3 El mundo moderno; V. 4 El mundo contemporáneo. 
520 |a La presente obra corresponde al volumen cuarto, y recoge los sucesos relevantes del cristianismo ocurridos desde finales del siglo XVIII hasta los inicios del siglo XXI. 
649 |a XX 
650 |a Mujeres -  |x Condiciones Sociales y Culturales 
650 |a Iglesia Católica -  |x Historia 
650 |a Iglesia y Estado -  |x Historia 
650 |a Concilio Vaticano, 1962-1965 -  |x Historia y Crítica 
650 |a Misiones -  |x Historia 
650 |a Evangelización -  |x Historia 
650 |a Protestantismo -  |x Historia 
650 |a Ecumenismo -  |x Historia 
650 |a Etica Cristiana -  |x Historia 
650 |a Teología -  |x Historia 
650 |a Revolución Industrial -  |x Historia 
650 |a Revolución -  |x Historia 
650 |a Modernidad y Posmodernidad -  |x Historia y Crítica 
650 |a Globalización -  |x Historia 
650 |a Arte y Simbolismo Cristianos -  |x Historia y Crítica 
650 |a Arte y Religión -  |x Historia y Crítica 
650 |a Política y Religión -  |x Historia 
650 |a Cristianismo y Política -  |x Historia 
650 |a Cristianismo y Economía -  |x Historia 
650 |a Cristianismo -  |x Historia -  |x Tema Principal 
650 |a Religión -  |x Historia 
650 |a Francia -  |x Historia -  |y Revolución Liberal Burguesa, 1774-1848 
650 |a Europa -  |x Historia 
650 |a Asia -  |x Historia 
650 |a América -  |x Historia 
650 |a Historia Moderna -  |y Siglo XIX 
650 |a Historia Moderna -  |y Siglo XX 
650 |a Historia Moderna -  |y Siglo XXI 
910 |a Fondo General 
920 |a Impresos - Libros 
930 |a Colección General 
905 |a 101 
901 |a 0500275380  |b IT1  |c ACC  |i C152029  |u 20250521 
902 |a https://opac.biblio.iteso.mx/vufind/Record/000380512